Rozpoznaj grę po recenzji Steam #11 - Statystyki

Ogólne statystyki
  • Ten quiz został rozwiązany 9 razy
  • Średni wynik to 4 z 20
Statystyki odpowiedzi
Recenzja Tytuł gry % Poprawnych
dame da ne dame yo dame na no yo Yakuza 0
86%
świat z perspektywy osób poniżej 180cm Grounded
57%
Można wyruchać siostre i zjeść sąsiada polecam The Coffin of Andy and Leyley
57%
symulator dawida czecha Content Warning
29%
Ktoś kiedyś zażartował że prędzej na Steam bedą złotówki, niż ta gra wejdzie w faze Beta :v DayZ
29%
diablo dla dzieci Minecraft Dungeons
29%
Elegancka gra samochodowa. Można grać samochodem łódkiem i samolotem i motorem i autem. Fajnie ze mi mama kupila bo mam juz 10 urodziny The Crew 2
29%
Są jak jabłka, chociaż rosną w ziemi Brotato
14%
Oddajcie mi moje 270 zl z dnia premiery w s******y jak daliście za free Destiny 2
14%
gracze wowa śmierdzą FINAL FANTASY XIV Online
14%
Dzięki konsolowcy za beta testy Ghost of Tsushima DIRECTOR'S CUT
14%
Tragedia.... totalne przeciwienstwo 1 czesci. Nudna, bugi, tragiczny system strzelania, kamerą tak trzęsie podczas biegania że idzie dostać oczopląsu. Kazda bron ma taki rozrzut jakbym strzelal z niej podczas skakania i biegania . Masakra totalna. Kane & Lynch 2: Dog Days
14%
Można nawet zautomatyzować drapanie się po jajach!!! Satisfactory
14%
danganronpa but good Zero Escape: The Nonary Games
14%
Wsadziłem Slendermanowi rękę w dupsgo Ghostwire: Tokyo
0%
GRATULACJE, KUDOSY, FANFARY I SZACUN DLA GILBERTA I SPÓŁKI!!! [...] Return to Monkey Island
0%
Za błędy popełnione słono zapłacicie... Salt and Sanctuary
0%
Kozak giereczka, byczku jak chcesz sobie ♥♥♥♥♥♥♥♥ w poksy na kompie to pierdol te emulatory dupnij se w ta gre. Temtem
0%
Fabularnie dno, gameplay dno. Optymalizacja dno. Jeśli jednak lubisz całą grę się wspinać i nic poza tym to gra TYLKO na tym polega The Lord of the Rings: Gollum™
0%
Świetna kontyunacja w klimacie który uwielbiamy z 1, 2 i 4 części bo o 3 części możemy zapomnieć ;) Trine 5: A Clockwork Conspiracy
0%
Nie znaleziono quizów pasujących do podanych kryteriów
Rozkład punktacji
Procent ludzi z każdym wynikiem
Percentyl według liczby udzielonych odpowiedzi
Twoja historia wyników
Nie rozwiązałeś tego quizu